00390nam a2200169Ia 4500003000400000005001700004008004100021020001800062040000700080041000800087082002000095100002100115245002000136260003600156300001500192365001300207OSt20250503154947.0210423s2009 xx 000 0 und d a9788184891928 cAL aeng a515.42 HALM223 aHALMOS (Paul R). aMeasure theory. aNew YorkbSpringer Verlagc2009 axi,304bPB b595cINR